header

Star wars: Darth Maul's Mission (Record no. 264505)

MARC details
000 -LEADER
fixed length control field 00225nam a22000977a 4500
020 ## - INTERNATIONAL STANDARD BOOK NUMBER
ISBN 9780545304412
100 ## - MAIN ENTRY--AUTHOR NAME
Personal name Ace Landers
245 ## - TITLE STATEMENT
Title Star wars: Darth Maul's Mission
260 ## - PUBLICATION, DISTRIBUTION, ETC. (IMPRINT)
Place of publication New York
Name of publisher Scholastic
Year of publication 2011
942 ## - ADDED ENTRY ELEMENTS (KOHA)
Koha item type Long Loan Books
Holdings
Withdrawn status Lost status Collection code Home library Current library Shelving location Date acquired Accession Number Koha item type
    Non-fiction Rongo University Library Rongo University Library Children's Area 17/09/2024 CL20222310 Long Loan Books

© 2026 Rongo University
Contact us: librarian | system librarian | Rongo university